Nicaragua : Selected Issues and Statistical Appendix.

This Selected Issues paper and Statistical Appendix examines factors that have determined long-term growth in Nicaragua. Stylized facts suggest that government policies have had a decisive influence on growth. In particular, productivity and capital accumulation suffered during periods of excessive...

詳細記述

書誌詳細
団体著者: International Monetary Fund
フォーマット: 雑誌
言語:English
出版事項: Washington, D.C. : International Monetary Fund, 2002.
シリーズ:IMF Staff Country Reports; Country Report ; No. 2002/269
オンライン・アクセス:Full text available on IMF
LEADER 01679cas a2200241 a 4500
001 AALejournalIMF002243
008 230101c9999 xx r poo 0 0eng d
020 |c 5.00 USD 
020 |z 9781451829181 
022 |a 1934-7685 
040 |a BD-DhAAL  |c BD-DhAAL 
110 2 |a International Monetary Fund. 
245 1 0 |a Nicaragua :   |b Selected Issues and Statistical Appendix. 
264 1 |a Washington, D.C. :  |b International Monetary Fund,  |c 2002. 
300 |a 1 online resource (102 pages) 
490 1 |a IMF Staff Country Reports 
500 |a <strong>Off-Campus Access:</strong> No User ID or Password Required 
500 |a <strong>On-Campus Access:</strong> No User ID or Password Required 
506 |a Electronic access restricted to authorized BRAC University faculty, staff and students 
520 3 |a This Selected Issues paper and Statistical Appendix examines factors that have determined long-term growth in Nicaragua. Stylized facts suggest that government policies have had a decisive influence on growth. In particular, productivity and capital accumulation suffered during periods of excessive deficit spending and inadequate enforcement of private property rights. A sectoral analysis of growth reveals that liberalization and deregulation in the 1990s led to deep structural changes in the economy. The paper also describes the main characteristics of Nicaragua's tax system, identifying key weaknesses and their economic costs. 
538 |a Mode of access: Internet 
830 0 |a IMF Staff Country Reports; Country Report ;  |v No. 2002/269 
856 4 0 |z Full text available on IMF  |u http://elibrary.imf.org/view/journals/002/2002/269/002.2002.issue-269-en.xml  |z IMF e-Library